Ontario Cities by Picture - Statistics

General Stats
  • This quiz has been taken 113 times
  • The average score is 11 of 16
Answer Stats
Picture Answer % Correct
Ottawa
99%
Toronto
90%
Windsor
88%
Mississauga
87%
Niagara Falls
86%
London
83%
Hamilton
82%
Sudbury
77%
Kingston
72%
Kitchener - Waterloo
72%
Thunder Bay
68%
Sault Ste. Marie
58%
Guelph
52%
Timmins
44%
Niagara-on-the-Lake
19%
Stratford
19%
No matching quizzes found
Score Distribution
Percent of People with Each Score
Percentile by Number Answered
Your Score History
You have not taken this quiz